MLB Trade Deadline 2025 - Statistics

General Stats
  • This quiz has been taken 133 times
  • The average score is 12 of 15
Answer Stats
Trade Player Other Notable Players in Trade % Correct
A's to Padres Mason Miller JP Sears, Leo de Vries, etc.
98%
Diamondbacks to Mariners Eugenio Suarez Minor Leaguers
96%
Twins to Astros Carlos Correa Minor Leaguers
93%
Diamondbacks to Mariners Josh Naylor Minor Leaguers
88%
Rockies to Yankees Ryan McMahon Minor Leaguers
84%
Orioles to Padres Ryan O'Hearn Ramon Laureano, etc.
84%
Twins to Phillies Jhoan Duran Mick Abel, etc.
82%
Pirates to Yankees David Bednar Minor Leaguers
80%
Cardinals to Mets Ryan Helsley Minor Leaguers
79%
Diamondbacks to Rangers Merrill Kelly Minor Leaguers
75%
Guardians to Blue Jays Shane Bieber Minor Leaguers
75%
Giants to Mets Tyler Rogers Jose Butto, Blade Tidwell, Drew Gilbert
74%
Orioles to Mets Cedric Mullins Minor Leaguers
73%
Pirates to Reds Ke'Bryan Hayes Taylor Rogers, etc.
73%
Twins to Cubs Willi Castro Minor Leaguers
56%
No matching quizzes found
Score Distribution
Percent of People with Each Score
Percentile by Number Answered
Your Score History
You have not taken this quiz